<?xml version="1.0" encoding="UTF-8"?><?xml-stylesheet type="text/xsl" href="static/style.xsl"?><OAI-PMH xmlns="http://www.openarchives.org/OAI/2.0/" xmlns:xsi="http://www.w3.org/2001/XMLSchema-instance" xsi:schemaLocation="http://www.openarchives.org/OAI/2.0/ http://www.openarchives.org/OAI/2.0/OAI-PMH.xsd"><responseDate>2026-04-19T06:29:16Z</responseDate><request verb="GetRecord" identifier="oai:riubu.ubu.es:10259/10202" metadataPrefix="marc">https://riubu.ubu.es/oai/request</request><GetRecord><record><header><identifier>oai:riubu.ubu.es:10259/10202</identifier><datestamp>2025-03-14T11:26:40Z</datestamp><setSpec>com_10259_6171</setSpec><setSpec>com_10259_5086</setSpec><setSpec>com_10259_2604</setSpec><setSpec>col_10259_7105</setSpec></header><metadata><record xmlns="http://www.loc.gov/MARC21/slim" xmlns:doc="http://www.lyncode.com/xoai" xmlns:xsi="http://www.w3.org/2001/XMLSchema-instance" xmlns:dcterms="http://purl.org/dc/terms/" xsi:schemaLocation="http://www.loc.gov/MARC21/slim http://www.loc.gov/standards/marcxml/schema/MARC21slim.xsd">
<leader>00925njm 22002777a 4500</leader>
<datafield tag="042" ind1=" " ind2=" ">
<subfield code="a">dc</subfield>
</datafield>
<datafield tag="720" ind1=" " ind2=" ">
<subfield code="a">Manso Morato, Javier</subfield>
<subfield code="e">author</subfield>
</datafield>
<datafield tag="720" ind1=" " ind2=" ">
<subfield code="a">Hurtado Alonso, Nerea</subfield>
<subfield code="e">author</subfield>
</datafield>
<datafield tag="720" ind1=" " ind2=" ">
<subfield code="a">García Llona, Aratz</subfield>
<subfield code="e">author</subfield>
</datafield>
<datafield tag="720" ind1=" " ind2=" ">
<subfield code="a">Piñero, Ignacio</subfield>
<subfield code="e">author</subfield>
</datafield>
<datafield tag="720" ind1=" " ind2=" ">
<subfield code="a">San José Lombera, José Tomás</subfield>
<subfield code="e">author</subfield>
</datafield>
<datafield tag="720" ind1=" " ind2=" ">
<subfield code="a">Ortega López, Vanesa</subfield>
<subfield code="e">author</subfield>
</datafield>
<datafield tag="260" ind1=" " ind2=" ">
<subfield code="c">2024</subfield>
</datafield>
<datafield tag="520" ind1=" " ind2=" ">
<subfield code="a">Some of the first-installed wind turbines will have to be replaced soon, as they are&#xd;
approaching the end of their life span. These wind-turbine blades must be recycled,&#xd;
&#xd;
so their suitability to be added into concrete mixes as fibers is studied. Thus, a less-&#xd;
polluting fiber-reinforced concrete can be achieved, maintaining its mechanical&#xd;
&#xd;
behavior. To recycle numerous wind-turbine blades at an adequate rate, large&#xd;
amounts of waste need to be added into concrete. This study aims to find out the&#xd;
suitability of adding high amounts of this waste material (0% vol., 5% vol., and&#xd;
10% vol.). Testing yielded a slight decrease in fresh density and a higher occluded&#xd;
air content, yet largely maintaining its suitability for structural use according to the&#xd;
compressive strength. The results showed that concrete with a high content of&#xd;
crushed wind-turbine blade is suitable for structural use, being it an effective&#xd;
solution to said current sustainability problems.</subfield>
</datafield>
<datafield tag="024" ind2=" " ind1="8">
<subfield code="a">2515-3056</subfield>
</datafield>
<datafield tag="024" ind2=" " ind1="8">
<subfield code="a">http://hdl.handle.net/10259/10202</subfield>
</datafield>
<datafield tag="024" ind2=" " ind1="8">
<subfield code="a">10.18552/2024/SCMT/104</subfield>
</datafield>
<datafield ind1=" " ind2=" " tag="653">
<subfield code="a">Sustainability</subfield>
</datafield>
<datafield ind1=" " ind2=" " tag="653">
<subfield code="a">Concrete high content crushed wind-turbine blade</subfield>
</datafield>
<datafield ind1=" " ind2=" " tag="653">
<subfield code="a">Fresh performance</subfield>
</datafield>
<datafield ind1=" " ind2=" " tag="653">
<subfield code="a">Compressive strength</subfield>
</datafield>
<datafield tag="245" ind1="0" ind2="0">
<subfield code="a">Suitability of concrete produced with high contents of crushed wind-turbine blade</subfield>
</datafield>
</record></metadata></record></GetRecord></OAI-PMH>